000 00623nam a2200229Ia 4500
003 OSt
005 20221007071214.0
006 a|||||r|||| 00| 0
007 ta
008 221006b |||||||| |||| 00| 0 eng d
024 _a17,009
037 _cTextual
040 _aFLL
_cFLL
_beng
041 _2eng
_aeng
082 _aY1221:434, K9
100 _aMarsden D. Au.
_9688318
245 0 _aMothers alone poverty and the fatherless family
260 _aLondon
_bAllen lane England
_c1969
300 _a282p
_ccm.
942 _hY1221:434, K9
_cTEXL
_2CC
999 _c1142756
_d1142756